புலமைத்தேடல் நுண்ணறிவு வழிகாட்டி தரம் 4-5

Saved in:
Bibliographic Details
Main Author: நிஷாந்தன்
Format: Book
Language:English
Published: யாழ்ப்பாணம் புலமைத்தேடல் வெளியீட்டகம்
Tags: Add Tag
No Tags, Be the first to tag this record!

MARC

LEADER 00000nam a22000007a 4500
005 20251021130143.0
008 251021b |||||||| |||| 00| 0 eng d
020 |a 9789553563620 
082 |a 001  |b நிஷாந் 
100 |a நிஷாந்தன் 
245 |a புலமைத்தேடல் நுண்ணறிவு வழிகாட்டி தரம் 4-5  |c செ.நிஷாந்தன் 
260 |a யாழ்ப்பாணம்  |b புலமைத்தேடல் வெளியீட்டகம் 
300 |a 254 
942 |c BK 
999 |c 16185  |d 16185